TEX TBOOK OF DENTAL PHARMACOLOGY (Record no. 4105)

MARC details
000 -LEADER
fixed length control field 00363nam a2200145Ia 4500
008 - FIXED-LENGTH DATA ELEMENTS--GENERAL INFORMATION
fixed length control field 150201s2008 xx 000 0 und d
082 ## - DEWEY DECIMAL CLASSIFICATION NUMBER
Classification number 615.321
Item number D2008S
100 ## - MAIN ENTRY--PERSONAL NAME
Personal name SHARMA,H.L.
245 ## - TITLE STATEMENT
Title TEX TBOOK OF DENTAL PHARMACOLOGY
250 ## - EDITION STATEMENT
Edition statement 1ST
260 ## - PUBLICATION, DISTRIBUTION, ETC. (IMPRINT)
Name of publisher, distributor, etc. PARAS PUBLISHING
Place of publication, distribution, etc. HYDERABAD
Date of publication, distribution, etc. 2008
300 ## - PHYSICAL DESCRIPTION
Extent 1-596
650 ## - SUBJECT ADDED ENTRY--TOPICAL TERM
Topical term or geographic name as entry element PHARMACOLOGY
942 ## - ADDED ENTRY ELEMENTS (KOHA)
Source of classification or shelving scheme Dewey Decimal Classification
Koha item type Books
Koha issues (borrowed), all copies 1
Holdings
Withdrawn status Lost status Source of classification or shelving scheme Damaged status Not for loan Home library Current library Date acquired Source of acquisition Cost, normal purchase price Serial Enumeration / chronology SGTU Bill Number Total Checkouts Full call number Barcode Date last seen Date last checked out Bill Date Koha item type
    Dewey Decimal Classification     SGT Dental Library SGT Dental Library 10/06/2008 PUBLISHERS 695.00 1 SGTU 1203 7 615.321 D2008S FD5497 11/04/2023 28/03/2023 07/02/2013 Books